[Event "IRI-ch (Women)"]
[Site "Kermanshah"]
[Date "2022.03.06"]
[Round "10"]
[White "Paktinat, Zhina"]
[Black "Ghomi, Parnian"]
[Result "1/2-1/2"]
[WhiteElo "1903"]
[BlackElo "2026"]
[PlyCount "133"]
[EventDate "2022.02.28"]
[EventType "tourn"]
[EventRounds "11"]
[EventCountry "IRI"]
[SourceTitle "EXT 2023"]
[Source "ChessBase"]
[SourceDate "2022.10.05"]
[SourceVersion "1"]
[SourceVersionDate "2022.10.05"]
[SourceQuality "1"]

1. d4 d5 2. Bf4 Nf6 3. e3 c5 4. c3 Nc6 5. Nf3 cxd4 6. exd4 Bf5 7. Bd3 Bxd3 8. Qxd3 Qd7 9. Nbd2 e6 10. 0-0 Be7 11. h3 0-0 12. Ne5 Nxe5 13. Bxe5 Ne8 14. Rfe1 f6 15. Bg3 g6 16. Nb3 Rc8 17. Qe2 Ng7 18. Nc1 Rfe8 19. Nd3 Bf8 20. Qf3 Qf7 21. Re2 Nf5 22. Rae1 Nxg3 23. Qxg3 Re7 24. Qg4 Rce8 25. f4 b6 26. h4 h5 27. Qh3 Bg7 28. g3 a5 29. Kg2 Kh7 30. a3 Kg8 31. Kh2 Kh7 32. Kg2 Kh8 33. g4 hxg4 34. Qxg4 f5 35. Qf3 Bf6 36. Rh1 Kg7 37. Kf1 Rh8 38. Reh2 Rh5 39. Rg1 Kf8 40. Rhg2 Rh6 41. Qg3 Qh7 42. h5 gxh5 43. Qg8+ Qxg8 44. Rxg8+ Kf7 45. Ne5+ Bxe5 46. dxe5 Rh7 47. Rb8 h4 48. Rgg8 Rg7 49. Rh8 Rg6 50. Rxh4 d4 51. cxd4 Rd7 52. Rh7+ Rg7 53. Rxg7+ Kxg7 54. Rxb6 Rxd4 55. Rxe6 Rxf4+ 56. Ke2 Kf7 57. Rf6+ Ke7 58. Kd3 a4 59. Kc3 Rf2 60. Ra6 Rf4 61. Rf6 Rf2 62. Kb4 Rxb2+ 63. Kxa4 Rf2 64. Kb5 f4 65. a4 f3 66. Ka6 Ra2 67. Rxf3 1/2-1/2

[Event "Asia Club-ch Hybrid"]
[Site "Tornelo INT"]
[Date "2021.11.04"]
[Round "2.6"]
[White "Ghomi, Parnian"]
[Black "Vithanawasam, Oneli"]
[Result "1-0"]
[WhiteElo "2006"]
[BlackElo "1349"]
[PlyCount "83"]
[EventDate "2021.11.03"]
[EventType "team-swiss"]
[EventRounds "9"]
[EventCountry "NET"]
[SourceTitle "CBM 205 Extra"]
[Source "ChessBase"]
[SourceDate "2022.01.31"]
[SourceVersion "1"]
[SourceVersionDate "2022.01.31"]
[SourceQuality "1"]
[WhiteTeam "Pyramid"]
[BlackTeam "Super Knight CC"]
[WhiteTeamCountry "IRI"]
[BlackTeamCountry "SRI"]

1. d4 d5 2. Bf4 Nf6 3. e3 e6 4. c3 Bd6 5. Bg3 b6 6. Nd2 Bb7 7. Ngf3 Qe7 8. Ne5 0-0 9. Bd3 Nbd7 10. Qc2 g6 11. f4 Nh5 12. Qa4 Bxe5 13. fxe5 Nxg3 14. hxg3 f6 15. exf6 Nxf6 16. Rh4 e5 17. 0-0-0 c5 18. Rdh1 a5 19. g4 e4 20. g5 Nh5 21. g4 exd3 22. gxh5 Qxe3 23. R4h3 Qxg5 24. hxg6 Qxg6 25. Rxh7 Qxh7 26. Rxh7 Kxh7 27. Qd7+ Kg6 28. Qxb7 Rae8 29. Qc6+ Kg7 30. Qc7+ Kf6 31. Qf4+ Ke6 32. Qe3+ Kd6 33. dxc5+ bxc5 34. Qxd3 Re1+ 35. Kc2 Rfe8 36. Qa6+ Ke7 37. Qxa5 Rc8 38. Qa7+ Kd8 39. Qb6+ Kd7 40. Qb7+ Rc7 41. Qxd5+ Kc8 42. Nc4 1-0

[Event "Amazons Pride Blitz"]
[Site "Chess.com INT"]
[Date "2021.10.23"]
[Round "5"]
[White "Ghomi, Parnian"]
[Black "Debapriya, Manna1111"]
[Result "1-0"]
[WhiteElo "2006"]
[BlackElo "1268"]
[PlyCount "73"]
[EventDate "2021.10.23"]
[EventType "swiss (blitz)"]
[EventRounds "9"]
[EventCountry "USA"]
[SourceTitle "CBM 204 Extra"]
[Source "ChessBase"]
[SourceDate "2021.11.30"]
[SourceVersion "1"]
[SourceVersionDate "2021.11.30"]
[SourceQuality "1"]

1. d4 d5 2. Bf4 Nf6 3. e3 c5 4. c3 Nc6 5. Nd2 Qb6 6. Qb3 c4 7. Qc2 g6 8. e4 dxe4 9. Nxc4 Qd8 10. Ne3 Bg7 11. Bc4 0-0 12. Ne2 a6 13. Ng3 b5 14. Bb3 Bb7 15. Bg5 Rc8 16. Qd2 Na5 17. Bc2 Nc4 18. Nxc4 Rxc4 19. 0-0 Qd5 20. Bxf6 Bxf6 21. Bxe4 Qd7 22. Bxb7 Qxb7 23. Rfe1 Bg7 24. Qg5 e6 25. Re4 b4 26. Rc1 bxc3 27. bxc3 Rfc8 28. Qd2 e5 29. d5 Rxe4 30. Nxe4 Rd8 31. c4 f5 32. Nc5 Qb6 33. Qe3 f4 34. Qa3 Bf8 35. Qxa6 Qxc5 36. Qe6+ Kh8 37. Qf6+ 1-0

[Event "Speed Chess (Women) Q1"]
[Site "Chess.com INT"]
[Date "2020.06.18"]
[Round "3"]
[White "Ghomi, Parnian"]
[Black "De Seroux, Camille"]
[Result "0-1"]
[WhiteElo "2006"]
[BlackElo "2137"]
[PlyCount "118"]
[EventDate "2020.06.18"]
[EventType "swiss (blitz)"]
[EventRounds "9"]
[EventCountry "USA"]
[SourceTitle "CBM 196 Extra"]
[Source "ChessBase"]
[SourceDate "2020.07.31"]
[SourceVersion "1"]
[SourceVersionDate "2020.07.31"]
[SourceQuality "1"]

1. d4 Nf6 2. Bf4 d5 3. e3 c5 4. c3 e6 5. Nd2 Nc6 6. Bg3 Bd6 7. Ngf3 0-0 8. Ne5 Qc7 9. f4 cxd4 10. exd4 Ne4 11. Bd3 f6 12. Nxe4 dxe4 13. Bxe4 fxe5 14. fxe5 Be7 15. Qh5 g6 16. Bxg6 hxg6 17. Qxg6+ Kh8 18. 0-0-0 Bd8 19. Bf4 Qh7 20. Qg3 Qh4 21. Qxh4+ Bxh4 22. g3 Be7 23. h4 b6 24. h5 Bb7 25. Rhf1 Rf5 26. g4 Rxf4 27. Rxf4 Bg5 28. Rdf1 Rf8 29. Kd2 Rxf4 30. Rxf4 Bxf4+ 31. Kd3 Bg5 32. Kc4 a6 33. a4 Na5+ 34. Kd3 Bd5 35. b4 Nc4 36. b5 axb5 37. axb5 Na3 38. Ke2 Nxb5 39. Kd3 Na3 40. Ke2 Kg7 41. Kd3 Kh6 42. Ke2 Bf4 43. Kd3 Kg5 44. h6 Kxh6 45. Ke2 Kg5 46. Kd3 Kxg4 47. Ke2 Kf5 48. Kd3 Be4+ 49. Ke2 b5 50. c4 bxc4 51. d5 exd5 52. e6 Kxe6 53. Kd1 c3 54. Ke2 c2 55. Kf1 c1Q+ 56. Kf2 Qe3+ 57. Kf1 Bd3+ 58. Kg2 Qg3+ 59. Kh1 Be4# 0-1

[Event "Speed Chess (Women) Q1"]
[Site "Chess.com INT"]
[Date "2020.06.18"]
[Round "2"]
[White "Voit, Daria"]
[Black "Ghomi, Parnian"]
[Result "1-0"]
[WhiteElo "2343"]
[BlackElo "2006"]
[PlyCount "139"]
[EventDate "2020.06.18"]
[EventType "swiss (blitz)"]
[EventRounds "9"]
[EventCountry "USA"]
[SourceTitle "CBM 196 Extra"]
[Source "ChessBase"]
[SourceDate "2020.07.31"]
[SourceVersion "1"]
[SourceVersionDate "2020.07.31"]
[SourceQuality "1"]

1. d4 Nf6 2. Nf3 e6 3. c4 b6 4. g3 Bb7 5. Bg2 Be7 6. 0-0 0-0 7. Qc2 d5 8. Ne5 Nbd7 9. cxd5 Nxe5 10. dxe5 Nxd5 11. a3 c5 12. Rd1 Qc8 13. e4 Nc7 14. Be3 Rd8 15. Nd2 Nb5 16. Nb3 Qc6 17. f3 Nd4 18. Nxd4 cxd4 19. Qxc6 Bxc6 20. Rxd4 Rdc8 21. b4 a5 22. Rc1 axb4 23. axb4 Bb5 24. Rxc8+ Rxc8 25. Bf1 Be8 26. Kf2 Rc2+ 27. Rd2 Rc8 28. b5 Rb8 29. Rc2 Kf8 30. Bd3 Rb7 31. Rc8 Bb4 32. Ke2 Ke7 33. Bg5+ f6 34. exf6+ gxf6 35. Be3 Bd7 36. Rh8 Kd6 37. Rxh7 Bc5 38. h4 Bxe3 39. Kxe3 Rc7 40. Rf7 Rc3 41. Kd2 Ra3 42. Rxf6 Ke5 43. Rf7 Be8 44. Re7 Kd4 45. Rxe8 Rxd3+ 46. Ke2 Rb3 47. Rd8+ Ke5 48. h5 Rxb5 49. h6 Rb2+ 50. Ke3 Rh2 51. f4+ Kf6 52. g4 Rh3+ 53. Ke2 Ke7 54. Rh8 b5 55. g5 b4 56. Rb8 b3 57. Kd2 Kf7 58. Rb7+ Kg6 59. Rg7+ Kh5 60. h7 Kg4 61. g6 Kxf4 62. Rg8 b2 63. Kc2 Rh2+ 64. Kb1 Kxe4 65. h8Q Rd2 66. Qh4+ Kd3 67. Rd8+ Kc3 68. Rxd2 Kxd2 69. g7 Kd1 70. g8Q 1-0

[Event "IRI-ch (Women)"]
[Site "Rasht"]
[Date "2019.11.12"]
[Round "5"]
[White "Alavi, Homa"]
[Black "Ghomi, Parnian"]
[Result "1-0"]
[WhiteElo "2017"]
[BlackElo "1939"]
[PlyCount "145"]
[EventDate "2019.11.09"]
[EventType "tourn"]
[EventRounds "11"]
[EventCountry "IRI"]
[SourceTitle "CBM 193 Extra"]
[Source "ChessBase"]
[SourceDate "2020.01.31"]
[SourceVersion "1"]
[SourceVersionDate "2020.01.31"]
[SourceQuality "1"]

1. d4 Nf6 2. g3 e6 3. Bg2 c5 4. Nf3 Nc6 5. c4 cxd4 6. Nxd4 Qb6 7. Nb5 d5 8. 0-0 a6 9. Be3 Qa5 10. Nd4 Be7 11. Nc3 Nxd4 12. Qxd4 dxc4 13. Qxc4 0-0 14. a3 Rb8 15. Bf4 Ra8 16. Bf3 Qf5 17. Qc7 Bd8 18. Qe5 Qg6 19. Qg5 Qc2 20. Be5 h6 21. Qf4 Nd7 22. Bd6 Re8 23. Be4 Qxb2 24. Bb4 Bg5 25. Qc7 Bd8 26. Qc4 Ne5 27. Qd4 Bf6 28. Qe3 Qb3 29. Rab1 Qc4 30. Rfc1 Ng4 31. Qf4 Ne5 32. Nd5 exd5 33. Rxc4 dxc4 34. h4 Ng4 35. Bf3 Ne5 36. Bd5 Be6 37. Bxb7 Ng6 38. Qc1 Rab8 39. Bd6 Rbd8 40. Bc7 Rd4 41. e3 Rd3 42. Bxa6 Rc3 43. Qf1 Be5 44. h5 Nh4 45. gxh4 Bxc7 46. Rc1 Rxc1 47. Qxc1 Ba5 48. Bb7 c3 49. Qc2 Rb8 50. Be4 Bb3 51. Qe2 Bd8 52. a4 Rc8 53. Qg4 Be6 54. Qd1 Ba5 55. Bc2 Rd8 56. Qf3 Rd2 57. Qa8+ Bd8 58. Qe4 Ba5 59. Bd3 Rd1+ 60. Kg2 Kf8 61. Qa8+ Ke7 62. Qxa5 Rxd3 63. Qb4+ Kf6 64. a5 Bd5+ 65. Kg3 Ke6 66. Qb6+ Ke7 67. Qc5+ Ke6 68. a6 Rd1 69. Qxc3 Rg1+ 70. Kf4 Kd6 71. e4 Bc6 72. a7 Bb7 73. Qa3+ 1-0

[Event "IRI-ch (Women)"]
[Site "Rasht"]
[Date "2019.11.12"]
[Round "6"]
[White "Ghomi, Parnian"]
[Black "Zahedifar, Anahita"]
[Result "0-1"]
[WhiteElo "1939"]
[BlackElo "2074"]
[PlyCount "132"]
[EventDate "2019.11.09"]
[EventType "tourn"]
[EventRounds "11"]
[EventCountry "IRI"]
[SourceTitle "CBM 193 Extra"]
[Source "ChessBase"]
[SourceDate "2020.01.31"]
[SourceVersion "1"]
[SourceVersionDate "2020.01.31"]
[SourceQuality "1"]

1. e4 c6 2. d4 d5 3. Nd2 dxe4 4. Nxe4 Bf5 5. Ng3 Bg6 6. h4 h6 7. Nf3 Nd7 8. h5 Bh7 9. Bd3 Bxd3 10. Qxd3 e6 11. Bd2 Ngf6 12. 0-0-0 Bd6 13. Ne4 Nxe4 14. Qxe4 Nf6 15. Qe2 Bc7 16. c4 b5 17. c5 Qd5 18. Kb1 Nxh5 19. Ne5 Nf6 20. f3 a5 21. g4 Rf8 22. Bf4 a4 23. Ng6 Bxf4 24. Nxf4 Qd7 25. Nd3 a3 26. Ne5 Qc7 27. b3 0-0-0 28. Qd2 Kb7 29. Ka1 Nd5 30. Rb1 f6 31. Nc4 Qf4 32. Nd6+ Kc7 33. Qxf4 Nxf4 34. Rbe1 Kd7 35. Re4 Nd3 36. Rh2 g5 37. Kb1 Nb4 38. Re1 Ke7 39. Rhe2 Kd7 40. Rxe6 Nd5 41. Kc2 Kc7 42. Rh1 Rh8 43. Rhe1 Kd7 44. R6e4 Rh7 45. Ne8 h5 46. gxh5 Rxh5 47. Re7+ Kc8 48. Nd6+ Kb8 49. Re8 Rxe8 50. Rxe8+ Kc7 51. Re2 Rh3 52. Rf2 Rh1 53. Kd3 Rd1+ 54. Ke4 Kd7 55. Rh2 Ke6 56. f4 gxf4 57. Rh8 Re1+ 58. Kf3 Rf1+ 59. Ke4 Nc3+ 60. Kd3 Nxa2 61. Re8+ Kd7 62. Rh8 Nb4+ 63. Ke4 Re1+ 64. Kf5 a2 65. Rb8 Na6 66. Kxf6 Nxb8 0-1

[Event "Wch U14 Girls"]
[Site "Mumbai"]
[Date "2019.10.12"]
[Round "11"]
[White "Ghomi, Parnian"]
[Black "Obada, Ema"]
[Result "1-0"]
[WhiteElo "1948"]
[BlackElo "1987"]
[PlyCount "107"]
[EventDate "2019.10.02"]
[EventType "swiss"]
[EventRounds "11"]
[EventCountry "IND"]
[SourceTitle "EXT 2020"]
[Source "ChessBase"]
[SourceDate "2019.10.17"]
[SourceVersion "1"]
[SourceVersionDate "2019.10.17"]
[SourceQuality "1"]

1. d4 Nf6 2. Bf4 e6 3. e3 b6 4. Nf3 Bb7 5. Nbd2 Be7 6. Bd3 c5 7. c3 Nc6 8. h3 Rc8 9. 0-0 0-0 10. Re1 d5 11. Qe2 Bd6 12. Ne5 Qc7 13. Ng4 Nxg4 14. Bxd6 Qxd6 15. Qxg4 e5 16. Rad1 e4 17. Bb1 f5 18. Qe2 Rce8 19. dxc5 bxc5 20. Qb5 Rb8 21. Nb3 Ba8 22. Qxc5 Qxc5 23. Nxc5 Rxb2 24. Rxd5 Ne7 25. Rd7 Nd5 26. Na4 Rd2 27. c4 Bc6 28. Rxa7 Nb4 29. Nc5 Rc8 30. Nb3 Rb2 31. Nd4 g6 32. a3 Nd3 33. Bxd3 exd3 34. Nxc6 Rxc6 35. Rd1 d2 36. Rd7 Rxc4 37. R7xd2 Rb3 38. Rd3 Rb2 39. Rd7 Rc3 40. Ra7 Rb8 41. a4 Rc4 42. a5 f4 43. exf4 Rxf4 44. Rd2 Ra4 45. a6 Rc8 46. Rdd7 Ra2 47. Rg7+ Kh8 48. Rxh7+ Kg8 49. Rhg7+ Kf8 50. Rxg6 Rc1+ 51. Kh2 Rxf2 52. Rb7 Ra1 53. a7 Rfa2 54. Rc6 1-0

[Event "Wch U14 Girls"]
[Site "Mumbai"]
[Date "2019.10.04"]
[Round "4"]
[White "Wikar, Martyna"]
[Black "Ghomi, Parnian"]
[Result "1/2-1/2"]
[WhiteElo "1969"]
[BlackElo "1948"]
[PlyCount "126"]
[EventDate "2019.10.02"]
[EventType "swiss"]
[EventRounds "11"]
[EventCountry "IND"]
[SourceTitle "EXT 2020"]
[Source "ChessBase"]
[SourceDate "2019.10.17"]
[SourceVersion "1"]
[SourceVersionDate "2019.10.17"]
[SourceQuality "1"]

1. e4 e6 2. d4 d5 3. Nc3 Nf6 4. Bg5 Bb4 5. exd5 Qxd5 6. Bxf6 gxf6 7. Nge2 Qg5 8. h4 Qg4 9. Qd3 Nc6 10. 0-0-0 Bd7 11. Ne4 Be7 12. f3 Qg7 13. Kb1 0-0-0 14. g4 Nb4 15. Qa3 a6 16. c3 Nd5 17. Qb3 Nb6 18. Qc2 Nc4 19. Qc1 f5 20. gxf5 exf5 21. Nc5 Bc6 22. Nf4 Nb6 23. Be2 Qh6 24. Ncd3 Bf6 25. Nb4 Bb5 26. Bxb5 axb5 27. Nbd3 Rhe8 28. b3 b4 29. Nxb4 Qf8 30. Nbd3 Bg7 31. Qc2 Kb8 32. Rde1 Qd6 33. Nh5 Bh8 34. Rxe8 Rxe8 35. Qd2 Qc6 36. Re1 Rxe1+ 37. Nxe1 Nd5 38. Kb2 Qg6 39. Qg5 Qc6 40. Qc1 Qe6 41. Nc2 Qc6 42. Ne1 Qe6 43. Nc2 Qc6 44. Qd2 b6 45. Ng3 f4 46. Ne2 Qh6 47. Qd3 Qxh4 48. Qf5 Ne3 49. Qxf4 Nd1+ 50. Kc1 Qxf4+ 51. Nxf4 Nxc3 52. a4 Bg7 53. Kd2 Bh6 54. Kxc3 Bxf4 55. Kd3 Bh6 56. Kc3 Bf4 57. Kd3 f5 58. d5 h5 59. Nd4 h4 60. Ke2 h3 61. Kf1 Kc8 62. Nxf5 Kd7 63. b4 c6 1/2-1/2